Cálculo
Guardat en:
| Autor principal: | |
|---|---|
| Format: | Llibre |
| Idioma: | espanyol |
| Publicat: |
Ciudad de México, México
Pearson Educación
2005
|
| Edició: | Undécima edición |
| Matèries: | |
| Accés en línia: | Disponible Online - vol.1 Disponible Online - vol.2 |
| Etiquetes: |
Afegir etiqueta
Sense etiquetes, Sigues el primer a etiquetar aquest registre!
|
MARC
| LEADER | 00000nam a2200000 a 4500 | ||
|---|---|---|---|
| 001 | UCK7924 | ||
| 003 | CL-VaPUC | ||
| 005 | 20240102151544.0 | ||
| 008 | 051230e20050000mx |||||||||||||||||spa|d | ||
| 999 | |c 315759 |d 315757 | ||
| 020 | |a 9702606438 v.1 | ||
| 020 | |a 9702606446 v.2 | ||
| 040 | |c Pontificia Universidad Católica de Valparaíso | ||
| 082 | 0 | 4 | |a 515.5 THO 2005 |2 21 |
| 100 | 0 | |a Thomas, George Brinton |e author |9 497630 | |
| 245 | 1 | 0 | |a Cálculo |
| 250 | |a Undécima edición | ||
| 260 | |a Ciudad de México, México |b Pearson Educación |c 2005 | ||
| 300 | |a 2 volúmenes | ||
| 505 | |a v.1: Una variable v.2: Varias variables | ||
| 583 | |a last modification |c 20171204 01:16:13 |k Rodrigo Vera | ||
| 650 | 0 | |a Derivadas |9 354237 | |
| 650 | 0 | |a Funciones |9 263869 | |
| 650 | 0 | |a Funciones trigonométricas |9 421678 | |
| 650 | 0 | |a Integración |9 316470 | |
| 650 | 0 | |a Límites |9 255439 | |
| 650 | 0 | |a Sucesiones |2 CL-VaPUC |9 393435 | |
| 856 | |u http://bibliografiaobligatoria.pucv.cl.pucv.idm.oclc.org/index.php/bibliotecapucv/catalog/book/50 |y Disponible Online - vol.1 | ||
| 856 | |u http://bibliografiadigital.pucv.cl.pucv.idm.oclc.org/index.php/bibliotecapucv/catalog/book/468 |y Disponible Online - vol.2 | ||
| 942 | |c BK |2 ddc | ||
| 945 | |d 20051230 00:00:00 |a jtorresc | ||
| 952 | |0 0 |1 0 |4 0 |6 515_150000000000000_THO_2005 |7 0 |8 A |9 389440 |a BIBMAT |b BIBMAT |d 2019-11-22 |h v.1 |i 422955K |l 4 |o 515.15 THO 2005 |p 422955K |r 2025-04-23 |s 2025-04-11 |w 2019-11-22 |y BK |k MAT | ||
| 952 | |0 0 |1 0 |4 0 |6 515_150000000000000_THO_2005 |7 0 |8 A |9 389441 |a BIBMAT |b BIBMAT |d 2019-11-22 |h v.1 |i 4229568 |l 2 |m 2 |o 515.15 THO 2005 |p 4229568 |r 2025-01-07 |s 2023-10-13 |w 2019-11-22 |y BK |k MAT | ||
| 952 | |0 0 |1 0 |4 0 |6 515_150000000000000_THO_2005 |7 0 |8 A |9 389443 |a BIBCUR |b BIBCUR |d 2019-11-22 |h v.2 |i 4194381 |l 25 |m 12 |o 515.15 THO 2005 |p 4194381 |r 2025-04-22 |s 2024-11-15 |w 2019-11-22 |y BK |k FIS | ||
| 952 | |0 0 |1 0 |4 0 |6 515_150000000000000_THO_2005 |7 0 |8 A |9 389444 |a BIBMAT |b BIBMAT |d 2019-11-22 |h v.2 |i 4229584 |l 3 |o 515.15 THO 2005 |p 4229584 |r 2025-01-07 |s 2024-06-05 |w 2019-11-22 |y BK |k MAT | ||
| 952 | |0 0 |1 0 |4 0 |6 515_150000000000000_THO_2005 |7 0 |8 A |9 389445 |a BIBMAT |b BIBMAT |d 2019-11-22 |h v.2 |i 4229592 |o 515.15 THO 2005 |p 4229592 |r 2025-01-07 |w 2019-11-22 |y BK |k MAT | ||
| 952 | |0 0 |1 0 |4 0 |6 515_150000000000000_THO_2005 |7 0 |8 A |9 389449 |a BIBCUR |b BIBCUR |d 2019-11-22 |h v.2 |i 4328698 |l 16 |m 1 |o 515.15 THO 2005 |p 4328698 |r 2025-04-22 |s 2025-03-21 |w 2019-11-22 |y BK |k BCB | ||
| 952 | |0 0 |1 0 |4 0 |6 515_150000000000000_THO_2005 |7 0 |8 A |9 440625 |a BIBCUR |b BIBCUR |d 2019-11-22 |h v.1 |i 4737024 |l 43 |m 5 |o 515.15 THO 2005 |p 4737024 |r 2025-04-22 |s 2025-04-10 |w 2019-11-22 |y BK |k BAC | ||